Multiplex Constructions (UK) Ltd v Honeywell Control Systems Ltd (No 2) (Record no. 79104)
[ view plain ]
| 000 -LEADER | |
|---|---|
| fixed length control field | 01963cad a22001935a 4500 |
| 001 - CONTROL NUMBER | |
| control field | L139845 |
| 008 - FIXED-LENGTH DATA ELEMENTS--GENERAL INFORMATION | |
| fixed length control field | 070814e20070227xxk f v 000 0 eng d |
| 035 ## - SYSTEM CONTROL NUMBER | |
| System control number | (Sirsi) u139845 |
| 041 0# - LANGUAGE CODE | |
| Language code of text/sound track or separate title | eng |
| 245 00 - TITLE STATEMENT | |
| Title | Multiplex Constructions (UK) Ltd v Honeywell Control Systems Ltd (No 2) |
| Medium | [electronic resource] |
| 260 ## - PUBLICATION, DISTRIBUTION, ETC. | |
| Date of publication, distribution, etc. | 2007 |
| 520 ## - SUMMARY, ETC. | |
| Summary, etc. | [2007] EWHC 447 (TCC), 6 March 2007. Questions whether time was set at large under one of the sub-contracts for the Wembley Stadium project and considers the prevention principle. The claimant contractor (M) had entered into a contract with the defendant sub-contractor (H). Clause 4 of the sub-contract conditions stated that M could issue a request for a variation proposal and clause 11 concerned extending time for the completion of the works where written notice of any relevant event was given. Substantial delays occurred, M issued three revised programmes to H under clause 4, and a dispute arose regarding whether M had put time at large under the sub-contract. The adjudicator determined that time had been put at large because the three programmes had been issued under clause 4, and clause 11 did not contain any mechanism for extending time in respect of delay caused by a direction under clause 4. M sought declarations to the effect that time had not been set at large. "Held": M was entitled to declarations that the notices of variation under the sub-contract had not set time at large. M's acts of prevention did not set time at large if the contract provided for extension of time in respect of those events. |
| 590 ## - LOCAL NOTE (RLIN) | |
| Local note | KA |
| 650 24 - SUBJECT ADDED ENTRY--TOPICAL TERM | |
| Topical term or geographic name entry element | MULTIPLEX CONSTRUCTIONS (UK) LTD V HONEYWELL CONTROL SYSTEMS LTD (NO 2) |
| 651 #4 - SUBJECT ADDED ENTRY--GEOGRAPHIC NAME | |
| Geographic name | England and Wales |
| Chronological subdivision | 1543- |
| 690 ## - LOCAL SUBJECT ADDED ENTRY--TOPICAL TERM (OCLC, RLIN) | |
| Topical term or geographic name as entry element | BUILT ENVIRONMENT-CONSTRUCTION MANAGEMENT-BUILDING CONTRACT ADMINISTRATION |
| 856 40 - ELECTRONIC LOCATION AND ACCESS | |
| Uniform Resource Identifier | <a href="https://www.bailii.org/cgi-bin/markup.cgi?doc=/ew/cases/EWHC/TCC/2007/447.html">https://www.bailii.org/cgi-bin/markup.cgi?doc=/ew/cases/EWHC/TCC/2007/447.html</a> |
| Public note | View the judgment free of charge at www.bailii.org... |
| 942 ## - ADDED ENTRY ELEMENTS (KOHA) | |
| Suppress in OPAC | 0 |
| Withdrawn status | Lost status | Source of classification or shelving scheme | Damaged status | Not for loan | Home library | Current library | Shelving location | Date acquired | Total Checkouts | Full call number | Barcode | Date last seen | Copy number | Price effective from | Koha item type |
|---|---|---|---|---|---|---|---|---|---|---|---|---|---|---|---|
| Dewey Decimal Classification | Virtual | Virtual | Online | 14/08/2007 | ONLINE PUBLICATION | 139845-2001 | 06/08/2019 | 1 | 06/08/2019 | Law report |